<?xml version="1.0" encoding="UTF-8"?>
<record
    xmlns:xsi="http://www.w3.org/2001/XMLSchema-instance"
    xsi:schemaLocation="http://www.loc.gov/MARC21/slim http://www.loc.gov/standards/marcxml/schema/MARC21slim.xsd"
    xmlns="http://www.loc.gov/MARC21/slim">

  <leader>02775cam a22003855a 4500</leader>
  <controlfield tag="001">17935136</controlfield>
  <controlfield tag="005">20160816151603.0</controlfield>
  <controlfield tag="008">131101s2014    enka   frb    001 0 eng d</controlfield>
  <datafield tag="010" ind1=" " ind2=" ">
    <subfield code="a">  2013043841</subfield>
  </datafield>
  <datafield tag="020" ind1=" " ind2=" ">
    <subfield code="a">9781118688830 </subfield>
  </datafield>
  <datafield tag="020" ind1=" " ind2=" ">
    <subfield code="a">111868883X</subfield>
  </datafield>
  <datafield tag="035" ind1=" " ind2=" ">
    <subfield code="a">(DNLM)101619294</subfield>
  </datafield>
  <datafield tag="040" ind1=" " ind2=" ">
    <subfield code="a">DNLM/DLC</subfield>
    <subfield code="b">eng</subfield>
    <subfield code="c">DLC</subfield>
    <subfield code="d">EG-ScBUE</subfield>
  </datafield>
  <datafield tag="042" ind1=" " ind2=" ">
    <subfield code="a">pcc</subfield>
  </datafield>
  <datafield tag="082" ind1="0" ind2="4">
    <subfield code="2">22</subfield>
    <subfield code="a">617.6026</subfield>
    <subfield code="b">JEV</subfield>
  </datafield>
  <datafield tag="100" ind1="1" ind2=" ">
    <subfield code="a"> Jevon, Philip.</subfield>
    <subfield code="9">12107</subfield>
  </datafield>
  <datafield tag="245" ind1="1" ind2="0">
    <subfield code="a">Basic guide to medical emergencies in the dental practice /</subfield>
    <subfield code="c">Phil Jevon ; consulting editors, Celia Strickland, Tessa Meese, Jagtar Singh Pooni.</subfield>
  </datafield>
  <datafield tag="250" ind1=" " ind2=" ">
    <subfield code="a">2nd ed.</subfield>
  </datafield>
  <datafield tag="260" ind1=" " ind2=" ">
    <subfield code="a">West Sussex, United Kingdom :</subfield>
    <subfield code="b">Wiley-Blackwell,</subfield>
    <subfield code="c">2014.</subfield>
  </datafield>
  <datafield tag="300" ind1=" " ind2=" ">
    <subfield code="a">viii, 240 p. :</subfield>
    <subfield code="b">col. ill. ;</subfield>
    <subfield code="c">20 cm.</subfield>
  </datafield>
  <datafield tag="500" ind1=" " ind2=" ">
    <subfield code="a">Index : p. 235-240.</subfield>
  </datafield>
  <datafield tag="504" ind1=" " ind2=" ">
    <subfield code="a">Includes bibliographical references.</subfield>
  </datafield>
  <datafield tag="505" ind1=" " ind2=" ">
    <subfield code="a">1 An overview of the management of medical emergencies and resuscitation in the dental practice --  2 Resuscitation equipment in the dental practice -- 3 ABCDE: Recognition and treatment of the acutely ill patient -- 4 Respiratory disorders -- 5 Cardiovascular disorders -- 6 Endocrine disorders -- 7 Neurological disorders -- 8 Anaphylaxis -- 9 Cardiopulmonary resuscitation in the dental practice -- 10 Airway management and ventilation -- 11 Automated external defibrillation -- 12 Paediatric emergencies -- 13 An overview of emergency drugs in the dental practice -- 14 Principles of first aid in the dental practice  -- 15 Professional, ethical and legal issues.</subfield>
  </datafield>
  <datafield tag="520" ind1=" " ind2=" ">
    <subfield code="a">"The 'Basic Guide to Medical Emergencies in the Dental Practice' is a must have book for all dental care professionals and general dentists. Written in a clear and accessible style, chapters cover such key topics as patient assessment, adult resuscitation, respiratory and cardiac disorders, paediatric emergencies, emergency equipment and law and ethics. The 2nd edition has been fully revised and updated in line with the Resuscitation Council's Guidelines and now includes a brand new chapter on the 'Principles of First Aid'"--Provided by publisher.</subfield>
  </datafield>
  <datafield tag="650" ind1="1" ind2="2">
    <subfield code="a">Dental Care</subfield>
    <subfield code="x">methods.</subfield>
    <subfield code="2">BUEsh</subfield>
  </datafield>
  <datafield tag="650" ind1="1" ind2="2">
    <subfield code="a">Emergency Treatment</subfield>
    <subfield code="x">methods.</subfield>
    <subfield code="2">BUEsh</subfield>
  </datafield>
  <datafield tag="650" ind1="2" ind2="2">
    <subfield code="a">Emergencies.</subfield>
    <subfield code="2">BUEsh</subfield>
  </datafield>
  <datafield tag="651" ind1=" " ind2=" ">
    <subfield code="2">BUEsh</subfield>
  </datafield>
  <datafield tag="700" ind1="1" ind2=" ">
    <subfield code="a">Strickland, Celia&#x200F; </subfield>
    <subfield code="e">editor.</subfield>
    <subfield code="9">40785</subfield>
  </datafield>
  <datafield tag="700" ind1="1" ind2=" ">
    <subfield code="a">Meese, Tessa&#x200F; </subfield>
    <subfield code="e">editor.</subfield>
    <subfield code="9">40786</subfield>
  </datafield>
  <datafield tag="700" ind1="1" ind2=" ">
    <subfield code="a">Pooni, J. S.&#x200F; </subfield>
    <subfield code="q">(Jagtar Singh)&#x200F; </subfield>
    <subfield code="e">editor.</subfield>
    <subfield code="9">40787</subfield>
  </datafield>
  <datafield tag="776" ind1="0" ind2="8">
    <subfield code="i">Online version:</subfield>
    <subfield code="a">Jevon, Philip, author.</subfield>
    <subfield code="t">Basic guide to medical emergencies in the dental practice</subfield>
    <subfield code="b">Second edition.</subfield>
    <subfield code="d">Chichester, West Sussex : John Wiley &amp; Sons Inc., 2014</subfield>
    <subfield code="z">9781118688816</subfield>
    <subfield code="w">(DLC) 2013045063</subfield>
  </datafield>
  <datafield tag="856" ind1=" " ind2=" ">
    <subfield code="u">http://bcs.wiley.com/he-bcs/Books?action=index&amp;itemId=111868883X&amp;bcsId=8960</subfield>
    <subfield code="y">Instructor companion website</subfield>
  </datafield>
  <datafield tag="942" ind1=" " ind2=" ">
    <subfield code="2">ddc</subfield>
    <subfield code="e">22</subfield>
    <subfield code="k">617.6026 JEV</subfield>
  </datafield>
  <datafield tag="999" ind1=" " ind2=" ">
    <subfield code="c">22186</subfield>
    <subfield code="d">22158</subfield>
  </datafield>
  <datafield tag="952" ind1=" " ind2=" ">
    <subfield code="0">0</subfield>
    <subfield code="1">0</subfield>
    <subfield code="2">ddc</subfield>
    <subfield code="4">0</subfield>
    <subfield code="7">0</subfield>
    <subfield code="8">Academic</subfield>
    <subfield code="a">MAIN</subfield>
    <subfield code="b">MAIN</subfield>
    <subfield code="c">1ST</subfield>
    <subfield code="d">2016-08-16</subfield>
    <subfield code="e">Purchase</subfield>
    <subfield code="g">414.00</subfield>
    <subfield code="h">9126</subfield>
    <subfield code="l">3</subfield>
    <subfield code="m">23</subfield>
    <subfield code="o">617.6026 JEV</subfield>
    <subfield code="p">000033190</subfield>
    <subfield code="q">2022-05-28</subfield>
    <subfield code="r">2019-07-16 00:00:00</subfield>
    <subfield code="s">2019-07-16</subfield>
    <subfield code="v">517.50</subfield>
    <subfield code="y">BB</subfield>
  </datafield>
</record>
